=LDR 00000nam 2200000 4500 =001 NUTBA000000000004809 =005 20141007125257.0 =006 =007 =008 =020 ##$$a 979-8081-03-x =035 ##$$a 0010-101400000000039 =082 ##$$a 658.sug =100 ##$$a sugandha,MPA =245 ##$$a administrasi =250 ##$$a cet.2.1991 =260 ##$$a jakarta $b CV.INTERMEDIA.1991 $c 1991 =300 ##$$a 130 HLM $b ILUS $c 23 CM =440 ##$$a STRATEGI, TAKTIK, DAN TKNIK PENCIPTAANEFISIENSI =850 ##$$a NBPNMAT =990 ##$$a 0001/BPAP-NTB/20142014